| 000 | 00533nam a2200193Ia 4500 | ||
|---|---|---|---|
| 003 | LDD | ||
| 008 | 181029s9999 xx 000 0 und d | ||
| 020 |
_a1600212395 _c _89.00 |
||
| 040 | _cLDD | ||
| 100 | _aBarnes, Patrick W | ||
| 245 | 0 |
_aEconomic perspectives on innovation and invention _cPatrick W Barnes |
|
| 260 |
_aNew York _bNova _c2007 |
||
| 300 | _aix, 183p. | ||
| 365 |
_b _89.00 |
||
| 901 |
_a4684 _b06-10-2008 |
||
| 902 |
_aIN12861 _b31-10-2008 _cF _dOP _e33 |
||
| 903 |
_aDiscount-15 _bReqst by : S.Sen |
||
| 942 |
_2ddc _cBK |
||
| 999 |
_c83030 _d83030 |
||